[Event "10. Bayer Open"]
[Site "?"]
[Date "2012.03.21"]
[Round "6"]
[White "Witte, Volker"]
[Black "Eschweiler, Gottfried"]
[Result "1/2-1/2"]
[WhiteElo "1742"]
[BlackElo "1549"]
[PlyCount "54"]
[EventDate "2012.??.??"]
[SourceDate "2012.01.12"]

1. d4 Nf6 2. c4 g6 3. Nc3 Bg7 4. e4 d6 5. f3 O-O 6. Be3 e5 7. d5 a6 8. Bd3 c6
9. Nge2 h6 10. Qd2 h5 11. O-O-O Bd7 12. h4 cxd5 13. exd5 b5 14. Bg5 Qa5 15.
Bxf6 Bxf6 16. Ne4 Qxd2+ 17. Rxd2 Be7 18. c5 dxc5 19. d6 Bd8 20. Nxc5 Ba5 21.
Rc2 f5 22. Nc3 Rf6 23. Re1 Bxc3 24. Rxc3 Rxd6 25. Rxe5 Kf7 26. Nb7 Rd4 27. g3
Nc6 1/2-1/2

[Event "10. Bayer Open"]
[Site "?"]
[Date "2012.03.21"]
[Round "6"]
[White "Falge, Rainer"]
[Black "Heyn, Peter"]
[Result "0-1"]
[WhiteElo "1642"]
[BlackElo "1784"]
[PlyCount "48"]
[EventDate "2012.??.??"]
[SourceDate "2012.01.12"]

1. e4 e6 2. d4 d5 3. exd5 exd5 4. Nf3 Bg4 5. Be2 Bd6 6. Nc3 c6 7. O-O Ne7 8.
Re1 O-O 9. Bg5 f6 10. Bh4 Nf5 11. Bg3 Nxg3 12. fxg3 Re8 13. Nh4 Bxe2 14. Rxe2
Na6 15. a3 Qd7 16. Qf1 Rxe2 17. Nxe2 Re8 18. c3 Nc7 19. Re1 Qe6 20. Nf5 Bf8 21.
Qf2 g6 22. Nh4 Nb5 23. Kf1 Nd6 24. Nc1 Ne4 0-1

[Event "10. Bayer Open"]
[Site "?"]
[Date "2012.03.21"]
[Round "6"]
[White "Hoffmann, Frank"]
[Black "Schäfers, Serge"]
[Result "1/2-1/2"]
[WhiteElo "1726"]
[BlackElo "1522"]
[PlyCount "77"]
[EventDate "2012.??.??"]
[SourceDate "2012.01.12"]

1. e4 c5 2. Nc3 g6 3. Nf3 Bg7 4. d4 cxd4 5. Nxd4 d6 6. Be3 Bd7 7. Be2 Nc6 8.
O-O Nf6 9. Qd2 h5 10. f3 Ne5 11. Rfd1 a6 12. Rac1 Rc8 13. Nb3 Nc4 14. Bxc4 Rxc4
15. Qd3 b5 16. Nd2 Rc8 17. Bd4 O-O 18. f4 b4 19. Ncb1 Bb5 20. Qf3 Qd7 21. h3
Nh7 22. Bxg7 Kxg7 23. c4 Bc6 24. Qe3 Qe6 25. Re1 Qf6 26. e5 dxe5 27. Qxe5 e6
28. b3 Rfd8 29. Ne4 Qxe5 30. fxe5 Bxe4 31. Rxe4 Rd3 32. Kf2 Rcd8 33. c5 a5 34.
c6 Rc8 35. Rec4 Rd5 36. Rc5 f6 37. Rxd5 exd5 38. e6 Kf8 39. Rc5 1/2-1/2

[Event "10. Bayer Open"]
[Site "?"]
[Date "2012.03.21"]
[Round "6"]
[White "Hoffmann, Hans-Paul"]
[Black "Fröhling, Ewald"]
[Result "1-0"]
[WhiteElo "1837"]
[BlackElo "1447"]
[PlyCount "61"]
[EventDate "2012.??.??"]
[SourceDate "2012.01.12"]

1. c4 c5 2. Nc3 g6 3. g3 Bg7 4. Bg2 Nc6 5. e3 Nf6 6. Nge2 O-O 7. O-O a6 8. d4
cxd4 9. exd4 e6 10. Bf4 d5 11. c5 Re8 12. Na4 Nd7 13. Qd2 Bf6 14. Bd6 b6 15.
cxb6 Nxb6 16. Nxb6 Qxb6 17. Bc5 Qd8 18. b4 Bd7 19. a4 Rb8 20. Rfb1 e5 21. Rd1
Nxd4 22. Nxd4 exd4 23. Bxd4 Bg5 24. Qc3 Bc6 25. Qxc6 Rxb4 26. Rab1 Re6 27. Qc3
Rc4 28. Qa1 h5 29. Bxd5 Qxd5 30. Rb8+ Bd8 31. Bf6 1-0

[Event "10. Bayer Open"]
[Site "?"]
[Date "2012.03.21"]
[Round "6"]
[White "Elsweiler, Karl-Heinz"]
[Black "Döring, Mirko"]
[Result "1-0"]
[WhiteElo "1588"]
[BlackElo "1520"]
[PlyCount "65"]
[EventDate "2012.??.??"]
[SourceDate "2012.01.12"]

1. b4 d5 2. Bb2 Bf5 3. e3 e6 4. c4 Nf6 5. a3 Be7 6. Nf3 O-O 7. Be2 dxc4 8. Bxc4
Nbd7 9. d4 Nb6 10. Be2 Ng4 11. O-O Bf6 12. h3 Nh6 13. Nc3 Nd5 14. Rc1 c6 15.
Qb3 a6 16. Rfd1 Qc7 17. Nxd5 exd5 18. Qxd5 Be6 19. Qc5 Bd5 20. Nd2 Rfe8 21. Bf3
Rad8 22. Bxd5 Be7 23. Qc4 Rd6 24. Be4 Qd8 25. Qc2 f5 26. Bf3 Rg6 27. Bh5 Rg5
28. Bxe8 Qxe8 29. Nf3 Rh5 30. Ne5 f4 31. exf4 Qf8 32. Qc4+ Kh8 33. d5 1-0

[Event "10. Bayer Open"]
[Site "?"]
[Date "2012.03.21"]
[Round "6"]
[White "Pütz, Viktor"]
[Black "Skiber, Friedel"]
[Result "0-1"]
[WhiteElo "1600"]
[BlackElo "1575"]
[PlyCount "38"]
[EventDate "2012.??.??"]
[SourceDate "2012.01.12"]

1. d4 Nf6 2. Nf3 g6 3. e3 Bg7 4. c4 O-O 5. Be2 c5 6. b3 cxd4 7. Nxd4 Nc6 8. Bb2
d5 9. O-O dxc4 10. Nxc6 bxc6 11. Bxc4 Qc7 12. Qc2 Bb7 13. Nd2 c5 14. b4 Ng4 15.
g3 Qc6 16. Qe4 Ne5 17. bxc5 Rad8 18. Bd5 Qb5 19. Bxb7 Rxd2 0-1

[Event "10. Bayer Open"]
[Site "?"]
[Date "2012.03.21"]
[Round "6"]
[White "Ringeltaube, Denny"]
[Black "Hümer, Dominik"]
[Result "1-0"]
[WhiteElo "1687"]
[BlackElo "1477"]
[PlyCount "56"]
[EventDate "2012.??.??"]
[SourceDate "2012.01.12"]

1. d4 Nf6 2. Bg5 d5 3. Bxf6 gxf6 4. e3 Bf5 5. Bd3 Bg6 6. Qe2 e5 7. Bxg6 fxg6 8.
Qb5+ Qd7 9. Qxb7 Qc6 10. Qxc6+ Nxc6 11. Ne2 Bg7 12. Nbc3 Nb4 13. O-O-O c6 14.
a3 Na6 15. e4 exd4 16. Nxd4 c5 17. Ndb5 d4 18. Nd5 Kf7 19. c3 dxc3 20. Ndxc3
Rhd8 21. Rxd8 Rxd8 22. Nxa7 Bh6+ 23. Kb1 Rd2 24. Rf1 c4 25. Nc6 Nc5 26. Na5 Nd3
27. Nxc4 Rxf2 28. Rxf2 Nxf2 1-0

[Event "10. Bayer Open"]
[Site "?"]
[Date "2012.03.21"]
[Round "6"]
[White "Seelig, Jochen"]
[Black "Karwatzki, Hans-Jürgen"]
[Result "1/2-1/2"]
[WhiteElo "1426"]
[BlackElo "1593"]
[PlyCount "51"]
[EventDate "2012.??.??"]
[SourceDate "2012.01.12"]

1. Nf3 d5 2. b3 c5 3. Bb2 Nc6 4. e3 e6 5. Bb5 Bd7 6. Bxc6 Bxc6 7. Ne5 Nf6 8.
Nxc6 bxc6 9. d3 Bd6 10. Qf3 e5 11. Nd2 a5 12. a4 Rb8 13. e4 c4 14. dxc4 d4 15.
h3 O-O 16. Ba3 Bxa3 17. Rxa3 Qd6 18. Ra1 Rfd8 19. Ke2 Rd7 20. g4 Rbd8 21. Qd3
Qb4 22. Nf3 Re7 23. Ne1 Nd7 24. Qd2 Qb6 25. Nd3 c5 26. f3 1/2-1/2

[Event "10. Bayer Open"]
[Site "?"]
[Date "2012.03.21"]
[Round "6"]
[White "Hoeper, Heinz-Joachim"]
[Black "Wehr, Günter"]
[Result "1-0"]
[WhiteElo "1416"]
[BlackElo "1478"]
[PlyCount "45"]
[EventDate "2012.??.??"]
[SourceDate "2012.01.12"]

1. d4 d5 2. Nf3 Nf6 3. e3 c5 4. c4 e6 5. Bd3 Nc6 6. O-O cxd4 7. exd4 dxc4 8.
Bxc4 Bd6 9. Nc3 O-O 10. Re1 a6 11. Bg5 h6 12. Bh4 Be7 13. Bg3 b5 14. Bd3 Bb7
15. a3 Rc8 16. Ne2 Kh8 17. b4 Nh5 18. Be5 Nxe5 19. Nxe5 Nf6 20. Bb1 Bd6 21. Ba2
Nd7 22. Ng3 Re8 23. Nxf7+ 1-0

[Event "10. Bayer Open"]
[Site "?"]
[Date "2012.03.21"]
[Round "6"]
[White "Westphal, Gerhard"]
[Black "Arnold, Bodo"]
[Result "1/2-1/2"]
[WhiteElo "1407"]
[BlackElo "1615"]
[PlyCount "46"]
[EventDate "2012.??.??"]
[SourceDate "2012.01.12"]

1. c4 Nf6 2. Nc3 g6 3. e4 d6 4. d4 Bg7 5. Nf3 O-O 6. Be2 c5 7. dxc5 dxc5 8. Be3
b6 9. Qxd8 Rxd8 10. Rd1 Rxd1+ 11. Bxd1 Bb7 12. Bc2 Nc6 13. e5 Ng4 14. e6 Nxe3
15. exf7+ Kxf7 16. fxe3 Bxc3+ 17. bxc3 Kg7 18. O-O Rf8 19. Nd2 Rxf1+ 20. Kxf1
Ne5 21. Bd1 Kf6 22. Kf2 h5 23. Be2 Kf5 1/2-1/2

[Event "10. Bayer Open"]
[Site "?"]
[Date "2012.03.21"]
[Round "6"]
[White "Balduan, Karl-Heinz"]
[Black "Granz, Thomas"]
[Result "0-1"]
[WhiteElo "1508"]
[BlackElo "1656"]
[PlyCount "70"]
[EventDate "2012.??.??"]
[SourceDate "2012.01.12"]

1. d4 d5 2. Nf3 Nf6 3. Bf4 e6 4. Nbd2 Bd6 5. Ne5 Nh5 6. Bg3 c5 7. e3 Nxg3 8.
hxg3 Bxe5 9. dxe5 Nc6 10. f4 Bd7 11. Qg4 g6 12. Rh6 Nb4 13. Kd1 d4 14. Qh3 dxe3
15. Nc4 Bb5+ 16. Nd6+ Qxd6+ 17. exd6 Bxf1 18. Qh4 Nc6 19. Qf6 Rf8 20. Ke1 e2
21. Rxh7 Rd8 22. Rh8 Rxd6 23. Rxf8+ Kxf8 24. Qh8+ Ke7 25. Qh4+ Kd7 26. Qf6 Nd4
27. Qxf7+ Kc6 28. Qxg6 Nf5 29. Qe8+ Kb6 30. a4 a6 31. Qa8 Ne3 32. a5+ Kc7 33.
Kf2 Rd1 34. Rxd1 exd1=Q 35. Kxe3 Qe2# 0-1

[Event "10. Bayer Open"]
[Site "?"]
[Date "2012.03.21"]
[Round "6"]
[White "Engels, Immanuel"]
[Black "Kolleck, Wolf-Dietrich"]
[Result "0-1"]
[WhiteElo "1528"]
[BlackElo "1428"]
[PlyCount "98"]
[EventDate "2012.??.??"]
[SourceDate "2012.01.12"]

1. d4 Nf6 2. c4 e5 3. dxe5 Ng4 4. Nf3 Nc6 5. Bf4 Bb4+ 6. Nbd2 Qe7 7. e3 Ngxe5
8. Be2 b6 9. a3 Bxd2+ 10. Qxd2 Bb7 11. Qc3 d6 12. b4 Qf6 13. Rc1 Nxf3+ 14. Bxf3
Qxc3+ 15. Rxc3 Nd8 16. e4 O-O 17. c5 Ne6 18. c6 Bc8 19. Bg3 Ng5 20. e5 Re8 21.
Bd5 Be6 22. Bxe6 Rxe6 23. Bf4 f6 24. O-O dxe5 25. Bxg5 fxg5 26. Rd1 Re7 27. Rd7
Rae8 28. a4 Kf7 29. a5 Ke6 30. Rcd3 Rxd7 31. Rxd7 Re7 32. Rd8 e4 33. Ra8 Kd5
34. a6 Kxc6 35. Rxa7 Re8 36. b5+ Kxb5 37. Rxc7 Kxa6 38. Rxg7 Re5 39. Rxh7 b5
40. Kf1 b4 41. Rh3 Kb5 42. Ke2 Rd5 43. Ke3 Rd3+ 44. Ke2 Kc4 45. Rh5 Rd5 46. Rh3
Rd4 47. f3 b3 48. fxe4 b2 49. e5 b1=Q 0-1

[Event "10. Bayer Open"]
[Site "?"]
[Date "2012.03.21"]
[Round "6"]
[White "Neuber, Max"]
[Black "Azimi, Reza"]
[Result "0-1"]
[WhiteElo "812"]
[BlackElo "1410"]
[PlyCount "28"]
[EventDate "2012.??.??"]
[SourceDate "2012.01.12"]

1. e4 c5 2. d4 cxd4 3. Qxd4 Nc6 4. Qc4 e6 5. Be3 d6 6. Nc3 Bd7 7. O-O-O Rc8 8.
f4 Na5 9. Qb4 d5 10. exd5 Bxb4 11. dxe6 fxe6 12. Bxa7 Bxc3 13. bxc3 Rxc3 14.
Rd6 Qc7 0-1

[Event "10. Bayer Open"]
[Site "?"]
[Date "2012.03.21"]
[Round "6"]
[White "Schmidt, Werner"]
[Black "Wilde, Christian"]
[Result "1/2-1/2"]
[WhiteElo "1372"]
[BlackElo "1026"]
[PlyCount "46"]
[EventDate "2012.??.??"]
[SourceDate "2012.01.12"]
[TimeControl "240+2"]

{319MB, Fritz10.ctg} 1. e4 c5 2. c4 e6 3. Nc3 a6 4. d3 g6 5. Nge2 Bg7 6. Bd2 {
Hatte ich nicht verstanden, diesen Läuferzug, da er eher ein Tempoverlust ist.}
Nc6 7. g3 Nge7 8. Bg2 Nd4 9. Be3 {Über einen längeren Zeitraum waren viele
Züge von beiden Farben nicht ganz astrein.} O-O 10. O-O Rb8 11. Rb1 b5 12. cxb5
axb5 13. f4 {Für diesen Zug gab es Alarmstufe Rot von Fritz.} Nxe2+ {War wohl e
ine Idee zu agressive, da der weiße Springer zurückschlägt und dort gut
positioniert ist, so meine Vermutung.} 14. Nxe2 c4 15. d4 d5 16. e5 b4 17. Bd2
Ba6 18. Rf2 Qb6 19. Be1 Nf5 20. Rf3 Ne7 {
Warum laut Fritz in folgender Nebenvariante ein Springeropfer von Schwarz?} 21.
Kh1 {Warum König h1? Ist doch gut verteidigt, der weiße Diagonalbauer?} f5 22.
h4 h5 23. Bf1 Nc6 1/2-1/2

[Event "10. Bayer Open"]
[Site "?"]
[Date "2012.03.21"]
[Round "6"]
[White "Longerich, Hans-Peter"]
[Black "Teuber, Alfons"]
[Result "1-0"]
[WhiteElo "1320"]
[BlackElo "1061"]
[PlyCount "77"]
[EventDate "2012.??.??"]
[SourceDate "2012.01.12"]

1. e4 e5 2. Nf3 Nf6 3. d4 d6 4. dxe5 Nxe4 5. exd6 Nxd6 6. Be2 a6 7. O-O h6 8.
Re1 Nc6 9. Bxa6+ Be7 10. Bd3 O-O 11. Nc3 Bf6 12. Nd5 Be6 13. Nxf6+ Qxf6 14. Be3
Qxb2 15. Bd4 Nxd4 16. Rb1 Qxa2 17. Nxd4 Rfe8 18. Nb3 Bxb3 19. Rxe8+ Nxe8 20.
Rxb3 Nd6 21. Rb1 g6 22. h3 Re8 23. Ra1 Qe6 24. Kf1 Qe5 25. Qc1 g5 26. Ra4 Qh2
27. Qe3 Qh1+ 28. Ke2 Rxe3+ 29. Kxe3 Qxg2 30. h4 Qh3+ 31. f3 Nf5+ 32. Bxf5 Qxf5
33. Rg4 f6 34. Re4 Qc5+ 35. Rd4 Qc3+ 36. Rd3 Qe5+ 37. Kf2 gxh4 38. Re3 Qg3+ 39.
Kf1 1-0

[Event "10. Bayer Open"]
[Site "?"]
[Date "2012.03.28"]
[Round "7"]
[White "Rotstein, Jefim"]
[Black "Kniest, Oliver"]
[Result "1/2-1/2"]
[WhiteElo "2291"]
[BlackElo "2243"]
[PlyCount "62"]
[EventDate "2012.??.??"]
[SourceDate "2012.01.12"]

1. Nf3 c5 2. c4 Nc6 3. g3 g6 4. Bg2 Bg7 5. O-O d6 6. Nc3 e5 7. d3 Nge7 8. a3
O-O 9. Rb1 a5 10. Bd2 h6 11. Nd5 Nxd5 12. cxd5 Ne7 13. Ne1 b5 14. a4 b4 15. Nc2
Bb7 16. e4 Ba6 17. Qe2 f5 18. f3 f4 19. Bh3 Qe8 20. b3 Kh7 21. Rf2 Ra7 22. Kh1
Nc8 23. Rg1 Nb6 24. Ne1 g5 25. Qf1 Bc8 26. Bxc8 Qxc8 27. g4 Bf6 28. h4 Kg6 29.
Rh2 Rh8 30. Ng2 Rah7 31. h5+ Kf7 1/2-1/2

[Event "10. Bayer Open"]
[Site "?"]
[Date "2012.03.28"]
[Round "7"]
[White "Auer, Martin"]
[Black "Khanukov, Boris"]
[Result "1/2-1/2"]
[WhiteElo "2214"]
[BlackElo "2236"]
[PlyCount "45"]
[EventDate "2012.??.??"]
[SourceDate "2012.01.12"]

1. e4 c5 2. Nf3 Nc6 3. d4 cxd4 4. Nxd4 g6 5. c4 Bg7 6. Be3 Nf6 7. Nc3 Ng4 8.
Qxg4 Nxd4 9. Qd1 Ne6 10. Qd2 Qa5 11. Rc1 d6 12. Be2 Bd7 13. O-O Bc6 14. f3 O-O
15. Rfd1 Rfe8 16. b3 a6 17. Nd5 Qxd2 18. Rxd2 a5 19. Nb6 Ra7 20. Na4 Raa8 21.
Nb6 Ra7 22. Na4 Raa8 23. Nb6 1/2-1/2

[Event "10. Bayer Open"]
[Site "?"]
[Date "2012.03.28"]
[Round "7"]
[White "Balduan, Markus"]
[Black "Ivic, Roman"]
[Result "1-0"]
[WhiteElo "2189"]
[BlackElo "2020"]
[Annotator "Markus Balduan"]
[PlyCount "83"]
[EventDate "2012.??.??"]
[SourceDate "2012.01.12"]

1. Nf3 d6 2. c4 e5 3. Nc3 g6 4. d4 exd4 5. Qxd4 $5 f6 $6 ({besser} 5... Nf6 6.
Bg5 Bg7 7. Nd5 Nbd7 8. Qe3+ Kf8 {nebst h6 und Ausgleich}) 6. g3 Bg7 7. Bg2 Ne7
8. b3 Nbc6 9. Qd2 Be6 10. Nd5 Ne5 $2 11. Nd4 {Weiß steht besser.} (11. Nxe7
Qxe7 12. Nxe5 dxe5 13. Bxb7 {mit Bauernvorteil}) 11... Bc8 12. O-O c6 $2 13.
Nxe7 Qxe7 14. f4 $18 Nd7 {Auf andere Springerzüge folgt Sxc6 mit Gewinn} 15.
Ba3 ({Noch besser ist} 15. Rf3 $1 {nebst Te3 mit klarem Vorteil}) 15... Bf8 16.
Rad1 (16. Rf3) 16... Kf7 17. Nxc6 $2 {
Ein Blackout und Fehlberechnung, die den großen Vorteil verschenkt} bxc6 18.
Bxc6 Rb8 19. e4 $1 ({
Dieser Zug hält noch einen kleinen Vorteil aufrecht, wogegen} 19. Bxd6 Qxd6 20.
Qxd6 Bxd6 21. Rxd6 {völlig ausgeglichen ist}) 19... Nc5 $6 ({besser ist} 19...
Nb6 20. Bxd6 (20. e5 $2 Qc7 $1) 20... Qxd6 21. Qxd6 Bxd6 22. Rxd6 $11) 20. b4 (
20. e5 $1 dxe5 21. fxe5 f5 22. Qa5 {mit Übergewicht}) 20... Nb7 21. Qd4 $2 (21.
b5 $1 {mit Vorteil}) 21... Nd8 $1 22. Bd5+ Kg7 23. Rde1 $2 (23. e5 $3 dxe5 24.
fxe5 fxe5 25. Qe3 {nebst Lb2 mit Angriff und klarem Vorteil}) 23... Ne6 $1 $11
24. Qf2 h5 ({besser ist} 24... Nc7 $1 25. Qxa7 Na6 $1 26. Qxe7+ Bxe7 $11) 25.
h4 $2 (25. Bb2 $1 Rxb4 26. Bc3 Rb8 27. f5 Ng5 28. Qd2 Nh7 29. c5 $1 g5 30. c6 {
mit Vorteil.}) 25... Nd8 ({besser} 25... Nc7 26. Qxa7 Na6 27. Qxe7+ Bxe7 $11)
26. f5 $4 (26. b5) 26... Nf7 $1 {
Nun dreht sich das Blatt, Schwarz steht nun zum ersten Mal besser} 27. Bxf7 $2
(27. b5 {nebst Lb2 ist besser}) 27... Qxf7 28. Qd4 Rb7 29. Bb2 $6 gxf5 $1 30.
a3 Rc7 31. Rc1 Qg6 32. Kh2 Be7 33. exf5 Bxf5 34. Rf4 Bd3 $2 {
In großer Zeitnot gibt Schwarz den Vorteil her} 35. Rc3 $2 {
... doch Weiss nimmt das Geschenk nicht an,} (35. g4 $3 Be2 36. g5 $1 {
wäre ungefähr Ausgleich gewesen}) 35... Be2 $4 {Ein zweites Geschenk} ({nur} 
35... Bb1 {hätte den Vorteil behalten}) 36. Re3 $1 {
Nun wendet sich das Blatt erneut} Bg4 37. Rxe7+ Rxe7 $1 38. Rxf6 $6 {
Weiss geht maximales Risiko, da sich Schwarz in großer Zeitnot befindet.} ({
Objektiv besser ist} 38. Qxf6+ Qxf6 39. Bxf6+ Kf7 40. Bxh8+ Ke8 41. Bd4 {
mit Gewinnchancen}) 38... Qe4 $1 {Schwarz findet die beste Verteidigung} ({
Schwächer wäre} 38... Re2+ 39. Rf2+ Re5 40. Qxa7+ Kg8 41. Bxe5 dxe5 42. b5 $3 {
und der Bauer ist nicht mehr sinnvoll aufzuhalten)}) 39. Qxd6 $5 {gibt zwar obj
ektiv den Vorteil wieder ab, aber hält die Stellung in Zeitnot von schwarz
weiter maximal kompliziert,} ({Objektiv besser ist} 39. Re6+ Qxd4 40. Rxe7+ Kf6
41. Bxd4+ Kxe7 42. Bxh8 Be2 {mit guten praktischen Remis-Chancen}) 39... Kg8 $2
({Einziger Zug zum Remis wäre} 39... Qe2+ 40. Rf2+ Kh7 $1 41. Rxe2 Rxe2+ {
nebst Txb2 =}) 40. Rg6+ Kf8 $2 (40... Kf7 {würde die Partie noch verlängern}
41. Qf6+ Ke8 42. Qxh8+ Kd7 43. Qd4+ Qxd4 44. Bxd4 $18) 41. Qd8+ Kf7 42. Rg7+ (
42. Rg7+ Ke6 43. Qxe7+ Kf5 44. Qf6#) 1-0

[Event "10. Bayer Open"]
[Site "?"]
[Date "2012.03.28"]
[Round "7"]
[White "Lemanczyk, Thomas"]
[Black "Kappelt, Jörg"]
[Result "1/2-1/2"]
[WhiteElo "2245"]
[BlackElo "2149"]
[PlyCount "83"]
[EventDate "2012.??.??"]
[SourceDate "2012.01.12"]

1. Nf3 d6 2. g3 g6 3. Bg2 Bg7 4. O-O e5 5. c4 f5 6. Nc3 Nf6 7. d4 e4 8. Ne1 O-O
9. f3 exf3 10. exf3 c6 11. d5 c5 12. Be3 Na6 13. Qd2 Re8 14. Bh6 Bh8 15. Nc2
Nc7 16. Bg5 b5 17. cxb5 a6 18. bxa6 Bxa6 19. Rfe1 Rb8 20. b3 Qd7 21. Ne3 Nh5
22. g4 Qg7 23. Rac1 h6 24. Bh4 f4 25. Ned1 Qd4+ 26. Qxd4 Bxd4+ 27. Kh1 Ng3+ 28.
Bxg3 fxg3 29. Ne4 Nxd5 30. hxg3 Nb4 31. Ndc3 d5 32. a3 dxe4 33. axb4 exf3 34.
Rxe8+ Rxe8 35. Bxf3 cxb4 36. Nd5 Bb7 37. Rc7 Re1+ 38. Kg2 Bxd5 39. Bxd5+ Kh8
40. Rb7 Bc3 41. Kf2 Re5 42. Bc4 1/2-1/2

[Event "10. Bayer Open"]
[Site "?"]
[Date "2012.03.28"]
[Round "7"]
[White "Eulering, Georg"]
[Black "Ljuboschiz, Alexander"]
[Result "1-0"]
[WhiteElo "2064"]
[BlackElo "1992"]
[PlyCount "44"]
[EventDate "2012.??.??"]
[SourceDate "2012.01.12"]

1. e4 e5 2. Nc3 Bc5 3. Nf3 d6 4. d4 exd4 5. Nxd4 Nf6 6. Bg5 h6 7. Bh4 O-O 8.
Qd3 Nc6 9. Nxc6 bxc6 10. O-O-O Qe7 11. f4 Rb8 12. Qg3 Re8 13. Bd3 Bd4 14. Rhe1
Bd7 15. e5 dxe5 16. Bh7+ Kxh7 17. Rxd4 e4 18. Bxf6 gxf6 19. Rexe4 Be6 20. f5
Rg8 21. Qf2 Rb6 22. fxe6 fxe6 1-0

[Event "10. Bayer Open"]
[Site "?"]
[Date "2012.03.28"]
[Round "7"]
[White "Friedsam, Manfred"]
[Black "Peschel, Andreas"]
[Result "0-1"]
[WhiteElo "1828"]
[BlackElo "2163"]
[PlyCount "82"]
[EventDate "2012.??.??"]
[SourceDate "2012.01.12"]

1. e4 g6 2. d4 Bg7 3. Nc3 c6 4. Be3 d5 5. e5 f6 6. f4 Nh6 7. Nf3 Bg4 8. Bd3 O-O
9. O-O Nf7 10. Qe1 fxe5 11. fxe5 e6 12. Qg3 Bxf3 13. Rxf3 c5 14. Bxg6 hxg6 15.
Qxg6 Qe7 16. Raf1 Nc6 17. Rh3 Nh6 18. Rxf8+ Qxf8 19. Bxh6 Nxd4 20. Be3 Qf5 21.
Qxf5 {Weiß bietet Remis an.} Nxf5 22. Bf4 Nd4 23. Re3 Rf8 24. g3 Nxc2 25. Re2
Nd4 26. Re3 Rf5 27. Nxd5 exd5 28. e6 Rf8 29. Bd6 Re8 30. Bxc5 Nc6 31. Rd3 b6
32. Ba3 d4 33. e7 Ne5 34. Rd1 Nc4 35. Kf2 Nxa3 36. bxa3 Rxe7 37. Rd3 Kf7 38.
Kf3 Ke6 39. h4 Kd5 40. g4 Kc4 41. Rd1 Kc3 0-1

[Event "10. Bayer Open"]
[Site "?"]
[Date "2012.03.28"]
[Round "7"]
[White "Block, Wolfgang"]
[Black "Speck, Stefan"]
[Result "0-1"]
[WhiteElo "2089"]
[BlackElo "1912"]
[PlyCount "32"]
[EventDate "2012.??.??"]
[SourceDate "2012.01.12"]

1. d4 d5 2. c4 c6 3. Nf3 Nf6 4. e3 g6 5. Nc3 Bg7 6. Be2 O-O 7. O-O Nbd7 8. cxd5
Nxd5 9. Nxd5 cxd5 10. Qb3 Nf6 11. Bd2 Ne4 12. Bb4 Bg4 13. Rfc1 Qd7 14. Ne5 Bxe5
15. Bxg4 Bxh2+ 16. Kf1 Qxg4 0-1

[Event "10. Bayer Open"]
[Site "?"]
[Date "2012.03.28"]
[Round "7"]
[White "Brinkmann, Sven"]
[Black "Wirtz, Uwe"]
[Result "1-0"]
[WhiteElo "1961"]
[BlackElo "1780"]
[PlyCount "73"]
[EventDate "2012.??.??"]
[SourceDate "2012.01.12"]

1. a3 d5 2. d4 Nf6 3. Nf3 Bf5 4. e3 e6 5. c4 c6 6. Nc3 Nbd7 7. cxd5 exd5 8. Bd3
Bxd3 9. Qxd3 Bd6 10. O-O O-O 11. b4 Nb6 12. b5 Qe7 13. bxc6 bxc6 14. a4 Rfc8
15. h3 a5 16. Rb1 Rcb8 17. Bd2 Bb4 18. Ne5 Qc7 19. Qc2 Nfd7 20. Nb5 Qb7 21.
Nxc6 Bxd2 22. Nxb8 Bb4 23. Nxd7 Qxd7 24. Qc7 Qxc7 25. Nxc7 Ra7 26. Rfc1 Kf8 27.
Rc6 Rb7 28. Kf1 g6 29. Ke2 Kg7 30. f3 h5 31. Ra1 Kf8 32. Na6 Nc4 33. Nxb4 axb4
34. a5 b3 35. a6 Ra7 36. e4 b2 37. Rb1 1-0

[Event "10. Bayer Open"]
[Site "?"]
[Date "2012.03.28"]
[Round "7"]
[White "Vranidis, Georgius"]
[Black "Kies, Werner"]
[Result "1/2-1/2"]
[WhiteElo "1814"]
[BlackElo "1900"]
[PlyCount "52"]
[EventDate "2012.??.??"]
[SourceDate "2012.01.12"]

1. e4 c5 2. Nc3 Nc6 3. Bb5 Nd4 4. Bc4 a6 5. a4 e6 6. Nge2 Qc7 7. d3 Nf6 8. Nxd4
cxd4 9. Ne2 e5 10. O-O d6 11. Ng3 Be6 12. Bxe6 fxe6 13. Bd2 Be7 14. c4 O-O 15.
Qb3 Qd7 16. f4 Rf7 17. f5 exf5 18. Nxf5 Bf8 19. Rf2 Rb8 20. Raf1 Qe6 21. Qb6
Rc8 22. Bb4 Rc6 23. Qd8 Rc8 24. Qb6 Rc6 25. Qd8 Rc8 26. Qb6 Rc6 1/2-1/2

[Event "10. Bayer Open"]
[Site "?"]
[Date "2012.03.28"]
[Round "7"]
[White "Heyn, Peter"]
[Black "Pützkaul, Karl"]
[Result "1-0"]
[WhiteElo "1784"]
[BlackElo "1778"]
[PlyCount "83"]
[EventDate "2012.??.??"]
[SourceDate "2012.01.12"]

1. d4 Nf6 2. c4 e6 3. Nc3 Bb4 4. e3 O-O 5. Nge2 d5 6. a3 Be7 7. cxd5 exd5 8.
Nf4 c6 9. Bd3 Bd6 10. Nfe2 Bg4 11. Qb3 Qc7 12. h3 Bh5 13. Bd2 Nbd7 14. Rc1 Qb6
15. Qa2 Rfe8 16. Qb1 a5 17. O-O Bg6 18. Bxg6 hxg6 19. Kh1 Re7 20. Ng1 Rae8 21.
Na4 Qc7 22. b4 axb4 23. Bxb4 Ne4 24. Rc2 Ra8 25. Nc3 Qb8 26. Nxe4 Rxe4 27. Bxd6
Qxd6 28. Qxb7 Rb8 29. Qxc6 Qxc6 30. Rxc6 Ra8 31. Rd6 Nf6 32. Nf3 Rxa3 33. Ne5
Ra8 34. g3 g5 35. Rb1 Ra2 36. Kg1 g4 37. hxg4 Nxg4 38. Rb8+ Kh7 39. Nxf7 Ra1+
40. Kg2 Nxe3+ 41. fxe3 Ra2+ 42. Kf3 1-0

[Event "10. Bayer Open"]
[Site "?"]
[Date "2012.03.28"]
[Round "7"]
[White "Vitz, Hans-Joachim"]
[Black "Schimpf, Rolf"]
[Result "1/2-1/2"]
[WhiteElo "1796"]
[BlackElo "1676"]
[PlyCount "93"]
[EventDate "2012.??.??"]
[SourceDate "2012.01.12"]

1. c4 e5 2. g3 d6 3. Bg2 f5 4. Nc3 Nf6 5. d3 c6 6. e4 Be7 7. Nge2 O-O 8. O-O
fxe4 9. dxe4 Be6 10. b3 Nbd7 11. Ba3 Qc7 12. h3 Rad8 13. Qd2 g6 14. Rad1 Ne8
15. Qe3 a6 16. f4 Ng7 17. Kh1 Rf7 18. Ng1 exf4 19. gxf4 Nh5 20. Nge2 Nf8 21.
Nd4 Bc8 22. Nce2 Ne6 23. f5 Nxd4 24. Nxd4 gxf5 25. Nxf5 Bxf5 26. Rxf5 Rxf5 27.
exf5 Qd7 28. Rg1 Kh8 29. Bb2+ Bf6 30. Bxf6+ Nxf6 31. Qg5 Qf7 32. Bf3 Rg8 33.
Qf4 Rxg1+ 34. Kxg1 Qe7 35. Kf2 Qe5 36. Qxe5 dxe5 37. Ke3 Kg7 38. b4 Kf7 39. a4
Ke7 40. a5 Kd7 41. Bg2 Kc7 42. Bf1 b6 43. axb6+ Kxb6 44. c5+ Kb7 45. Bc4 h6 46.
Kf3 Ka7 47. Kg3 1/2-1/2

[Event "10. Bayer Open"]
[Site "?"]
[Date "2012.03.28"]
[Round "7"]
[White "Jiritschka, Wolfgang"]
[Black "Ziabari, Morteza"]
[Result "1/2-1/2"]
[WhiteElo "1860"]
[BlackElo "1791"]
[PlyCount "31"]
[EventDate "2012.??.??"]
[SourceDate "2012.01.12"]

1. Nf3 d5 2. c4 c6 3. d4 Nf6 4. Nc3 e6 5. e3 Bb4 6. Qc2 O-O 7. Bd3 Re8 8. O-O
Nbd7 9. b3 a5 10. Bb2 Bd6 11. Rac1 e5 12. cxd5 cxd5 13. dxe5 Nxe5 14. Nxe5 Bxe5
15. h3 Bd7 16. Nb5 1/2-1/2